LEADER 00775nam0-2200277---450- 001 990009539040403321 005 20120306122912.0 035 $a000953904 035 $aFED01000953904 035 $a(Aleph)000953904FED01 035 $a000953904 100 $a20120306d1942----km-y0itay50------ba 101 0 $aita 102 $aIT 105 $a--------001yy 200 1 $aCorso di scienza delle finanze$fMarsili Libelli$eanno accademico 1941-42 210 $aFirenze$cEd. Universitaria$d1942 215 $a381 p.$d25 cm. 700 1$aMarsili Libelli,$bMario$03577 801 0$aIT$bUNINA$gRICA$2UNIMARC 901 $aBK 912 $a990009539040403321 952 $aH0.292$b18751$fDECTS 959 $aDECTS 996 $aCorso di scienza delle finanze$9855127 997 $aUNINA LEADER 00970nas 2200373 c 450 001 996321625503316 005 20190405160434.0 035 $a(CKB)4340000000227190 035 $a(OCoLC)1100056419 035 $a(DE-101)1167331907 035 $a(DE-599)ZDB2942905-5 035 $a(MiAaPQ)4406324 035 $a(EXLCZ)994340000000227190 100 $a20180919a20189999 |y | 101 0 $aeng 135 $aur||||||||||| 181 $ctxt$2rdacontent 182 $cc$2rdamedia 183 $acr$2rdacarrier 200 00$aEnergy informatics 210 31$aCham$cSpringer International Publishing$d[2018]- 215 $aOnline-Ressource 300 $aGesehen am 19. September 2018 311 $a2520-8942 608 $aZeitschrift$2gnd-content 676 $a004 676 $a333.7 801 0$b1147 801 1$bDE-101 801 2$b9999 906 $aJOURNAL 912 $a996321625503316 996 $aEnergy informatics$92276214 997 $aUNISA